01411nam a22003617a 4500003000500000005001700005008004100022010001000063011001000073035001000083040000900093090001000102100003800112245020100150260003700351300000900388502009800397590003700495590004100532590004100573590004100614590004100655590004200696650003200738650001800770650002600788650003200814901000700846942001000853949004200863999001700905952012700922CHAP20220817041643.0971013s1987 r 00010 d a20848 a21820 a25911 cCHAP aTesis00aArredondo Rincón, Miguel.97412 aEfecto del ácido indolbutírico y rootone F como inductores al enraizamiento y desarrollo vegetativo en estacas de Anacua (Ehretia elliptica L.) en Marín, N.L. bajo condiciones de invernadero aMarín, N.L. :bEl autor,c1987 a77 h aTesis (Ing. Agrónomo Fitotecnista) -- Univ. Autónoma de Nuevo León. Fac. de Agronomía aALEPHb10c20130110lUCH01h1244 aBATCH-UPDb10c20130110lUCH01h1602 aBATCH-UPDb10c20130410lUCH01h0959 aBATCH-UPDb10c20130914lUCH01h0323 aBATCH-UPDb10c20130914lUCH01h1943 aCONVERSIONb10c20130109lUCH01h131214aAcido indolbutírico.959014aAnacua.9546414aEnraizamiento.93701314aPropagación de árboles. aBK cTESIS bBCcTESd-59920eTS1h19562i25911si c20848d20848 00102local4051708TESISaBCbBCcPA_TESISd2019-12-31fTESISl0oTesisp-59920r2019-12-31 00:00:00w2019-12-31yTESIS